Normal view
MARC view
Entry Personal Name
001 - CONTROL NUMBER
- control field: 19500
003 - CONTROL NUMBER IDENTIFIER
- control field: ARRUPE
005 - DATE AND TIME OF LATEST TRANSACTION
- control field: 20150908141213.0
008 - FIXED-LENGTH DATA ELEMENTS
- fixed length control field: 150908|| aca||aabn | a|a d
040 ## - CATALOGING SOURCE
- Original cataloging agency: ARRUPE
- Transcribing agency: ARRUPE
100 ## - HEADING--PERSONAL NAME
- Personal name: Weizsäcker, Carl Friedrich,
- Titles and other words associated with a name: Freiherr von,
670 ## - SOURCE DATA FOUND
- Source citation: Work cat.: (ARRUPE)0: Weizsäcker, Carl Friedrich, Freiherr von,, The history of nature /, c1949.